|
|
|
|
| LEADER |
01575nam a2200409Ia 4500 |
| 001 |
EBC476274 |
| 003 |
MiAaPQ |
| 005 |
20200520144314.0 |
| 006 |
m o d | |
| 007 |
cr cn||||||||| |
| 008 |
090227s2009 enk sb 001 0 eng d |
| 010 |
|
|
|z 2009007638
|
| 020 |
|
|
|z 9780754670582 (alk. paper)
|
| 035 |
|
|
|a (MiAaPQ)EBC476274
|
| 035 |
|
|
|a (Au-PeEL)EBL476274
|
| 035 |
|
|
|a (CaPaEBR)ebr10343262
|
| 035 |
|
|
|a (CaONFJC)MIL234434
|
| 035 |
|
|
|a (OCoLC)498505493
|
| 040 |
|
|
|a MiAaPQ
|c MiAaPQ
|d MiAaPQ
|
| 050 |
|
4 |
|a UB212
|b .D57 2009
|
| 245 |
0 |
0 |
|a Distributed situation awareness
|h [electronic resource] :
|b theory, measurement, and application to teamwork /
|c Paul M. Salmon.
|
| 260 |
|
|
|a Farnham, Surrey [Eng.] ;
|a Burlington, VT :
|b Ashgate,
|c c2009.
|
| 300 |
|
|
|a xx, 246 p.
|
| 490 |
1 |
|
|a Human factors in defence
|
| 504 |
|
|
|a Includes bibliographical references and index.
|
| 533 |
|
|
|a Electronic reproduction. Ann Arbor, MI : ProQuest, 2015. Available via World Wide Web. Access may be limited to ProQuest affiliated libraries.
|
| 650 |
|
0 |
|a Command and control systems
|x Evaluation.
|
| 650 |
|
0 |
|a Psychology, Military.
|
| 650 |
|
0 |
|a Situational awareness
|x Measurement.
|
| 650 |
|
0 |
|a Group decision making
|x Evaluation.
|
| 650 |
|
0 |
|a Cooperativeness
|x Evaluation.
|
| 650 |
|
0 |
|a Teams in the workplace
|x Evaluation.
|
| 655 |
|
4 |
|a Electronic books.
|
| 700 |
1 |
|
|a Salmon, Paul M.
|
| 710 |
2 |
|
|a ProQuest (Firm)
|
| 830 |
|
0 |
|a Human factors in defence.
|
| 856 |
4 |
0 |
|u https://ebookcentral.proquest.com/lib/matrademy/detail.action?docID=476274
|z Click to View
|